000 00372nam a22001577a 4500
003 OSt
008 210723b ||||| |||| 00| 0 eng d
020 _a9789386221797
082 _a822 KHH
100 _aKHANNA,Shivnarayan
245 _aHuzoor Main Aapka Namak Khata Hu
260 _aNew Delhi
_bManakin Press
_c2017
300 _a57
650 _aMBA
942 _2ddc
_cBK
999 _c10735
_d10735